<?xml version="1.0" encoding="UTF-8"?><?xml-stylesheet type="text/xsl" href="static/style.xsl"?><OAI-PMH xmlns="http://www.openarchives.org/OAI/2.0/" xmlns:xsi="http://www.w3.org/2001/XMLSchema-instance" xsi:schemaLocation="http://www.openarchives.org/OAI/2.0/ http://www.openarchives.org/OAI/2.0/OAI-PMH.xsd"><responseDate>2026-04-14T03:49:07Z</responseDate><request verb="GetRecord" identifier="oai:www.recercat.cat:2117/375135" metadataPrefix="marc">https://recercat.cat/oai/request</request><GetRecord><record><header><identifier>oai:recercat.cat:2117/375135</identifier><datestamp>2025-07-17T12:21:04Z</datestamp><setSpec>com_2072_1033</setSpec><setSpec>col_2072_452950</setSpec></header><metadata><record xmlns="http://www.loc.gov/MARC21/slim" xmlns:dcterms="http://purl.org/dc/terms/" xmlns:xsi="http://www.w3.org/2001/XMLSchema-instance" xmlns:doc="http://www.lyncode.com/xoai" xsi:schemaLocation="http://www.loc.gov/MARC21/slim http://www.loc.gov/standards/marcxml/schema/MARC21slim.xsd">
   <leader>00925njm 22002777a 4500</leader>
   <datafield ind2=" " ind1=" " tag="042">
      <subfield code="a">dc</subfield>
   </datafield>
   <datafield ind2=" " ind1=" " tag="720">
      <subfield code="a">Brandborg Sørensen, Reneé</subfield>
      <subfield code="e">author</subfield>
   </datafield>
   <datafield ind2=" " ind1=" " tag="720">
      <subfield code="a">Ferrús Ferré, Ramón Antonio</subfield>
      <subfield code="e">author</subfield>
   </datafield>
   <datafield ind2=" " ind1=" " tag="720">
      <subfield code="a">Hernández Marcano, Nestor</subfield>
      <subfield code="e">author</subfield>
   </datafield>
   <datafield ind2=" " ind1=" " tag="720">
      <subfield code="a">Guadalupi, Marco</subfield>
      <subfield code="e">author</subfield>
   </datafield>
   <datafield ind2=" " ind1=" " tag="720">
      <subfield code="a">Ferrer, Josep</subfield>
      <subfield code="e">author</subfield>
   </datafield>
   <datafield ind2=" " ind1=" " tag="720">
      <subfield code="a">Llorens Aymerich, Isaac</subfield>
      <subfield code="e">author</subfield>
   </datafield>
   <datafield ind2=" " ind1=" " tag="720">
      <subfield code="a">Krogh Moeller, Henrik</subfield>
      <subfield code="e">author</subfield>
   </datafield>
   <datafield ind2=" " ind1=" " tag="720">
      <subfield code="a">Van der Pool, Robert</subfield>
      <subfield code="e">author</subfield>
   </datafield>
   <datafield ind2=" " ind1=" " tag="260">
      <subfield code="c">2022</subfield>
   </datafield>
   <datafield ind2=" " ind1=" " tag="520">
      <subfield code="a">Complementing and extending the coverage reach of terrestrial networks with satellite access is one of the new connectivity frontiers being addressed on the path to beyond 5G/6G systems. In particular, the realization of almost ubiquitous connectivity in a seamless and cost-affordable manner for low-complexity, power-constrained devices is key to unleashing the potential of the massive IoT market, where the lack of global coverage and international roaming are currently standing as main limiting factors for market growth. To harness this potential, the 3rd Generation Partnership Project (3GPP), the standard development organization in charge of the mobile system specifications, is finalizing a first adaptation of the Narrowband Internet of Things (NB-IoT) protocol for non-terrestrial networks (NB-IoT NTN) as part of Release 17 specifications. This paves the way for integrated terrestrial-to-satellite connectivity solutions that could leverage and help further boost the large and growing 3GPP device and IoT application ecosystem. The NB-IoT NTN protocol is being designed to support different types of satellite deployments, including Geostationary Orbit (GEO), Medium Earth Orbit (MEO) and Low Earth Orbit (LEO) constellations, single-beam and multi-beam satellite platforms, and Earth-moving and Earth-fixed satellite cells. In this context, this paper presents a system level performance analysis of a NB-IoT NTN deployment solution using nanosatellite in sparse LEO constellations, which is one of the most challenging scenarios in terms of achievable coverage footprint and satellite capacity due to the power and size constraints in the satellite platform. A framework for modelling such scenarios is described in the paper and estimations of system performance indicators such as number of connections that can be handled simultaneously, effective satellite footprint coverage area and supported device density (UEs/km2) are provided for different representative operational configurations (e.g. multi-carrier configurations with anchor and non-anchor carriers) and traffic characteristics (e.g. application payload sizes). Our results demonstrate the technical feasibility of such a system and illustrate some of the relevant trade-offs between the system configurations and communication performance.</subfield>
   </datafield>
   <datafield ind2=" " ind1=" " tag="520">
      <subfield code="a">Peer Reviewed</subfield>
   </datafield>
   <datafield ind2=" " ind1=" " tag="520">
      <subfield code="a">Postprint (published version)</subfield>
   </datafield>
   <datafield tag="653" ind2=" " ind1=" ">
      <subfield code="a">Àrees temàtiques de la UPC::Enginyeria de la telecomunicació::Radiocomunicació i exploració electromagnètica::Satèl·lits i ràdioenllaços</subfield>
   </datafield>
   <datafield tag="653" ind2=" " ind1=" ">
      <subfield code="a">Computer network protocols</subfield>
   </datafield>
   <datafield tag="653" ind2=" " ind1=" ">
      <subfield code="a">Nanosatellites</subfield>
   </datafield>
   <datafield tag="653" ind2=" " ind1=" ">
      <subfield code="a">Internet of things</subfield>
   </datafield>
   <datafield tag="653" ind2=" " ind1=" ">
      <subfield code="a">5G NB-IoT NTN</subfield>
   </datafield>
   <datafield tag="653" ind2=" " ind1=" ">
      <subfield code="a">CubeSats</subfield>
   </datafield>
   <datafield tag="653" ind2=" " ind1=" ">
      <subfield code="a">System level performance</subfield>
   </datafield>
   <datafield tag="653" ind2=" " ind1=" ">
      <subfield code="a">Connection rate</subfield>
   </datafield>
   <datafield tag="653" ind2=" " ind1=" ">
      <subfield code="a">Protocols de xarxes d'ordinadors</subfield>
   </datafield>
   <datafield tag="653" ind2=" " ind1=" ">
      <subfield code="a">Satèl·lits artificials</subfield>
   </datafield>
   <datafield tag="653" ind2=" " ind1=" ">
      <subfield code="a">Internet de les coses</subfield>
   </datafield>
   <datafield ind2="0" ind1="0" tag="245">
      <subfield code="a">System level performance analysis for 3GPP NB-IoT NTN solutions with small satellites and sparse LEO constellations</subfield>
   </datafield>
</record></metadata></record></GetRecord></OAI-PMH>